外贸写作 : (供二年级使用)
Spremljeno u:
| Glavni autor: | |
|---|---|
| Format: | Knjiga |
| Izdano: |
北 京 语 言 文 化 大 学 出 版 社
2002
|
| Oznake: |
Dodaj oznaku
Bez oznaka, Budi prvi tko označuje ovaj zapis!
|
| Thư viện lưu trữ: | Mạng thư viện Đại học Đà Nẵng |
|---|
| LEADER | 00829nam a2200241 a 4500 | ||
|---|---|---|---|
| 001 | 000041679 | ||
| 003 | 20700 | ||
| 005 | 20171030155812.0 | ||
| 008 | 171030s2002 | ||
| 040 | |a LNN | ||
| 082 | 0 | |a 495.18 |b ZH-Q | |
| 100 | 1 | |a 赵洪琴 | |
| 245 | 0 | 0 | |a 外贸写作 : (供二年级使用) |c 赵洪琴, 博亿芳 ; 赵健花, 祝 秉 耀 编者. |
| 260 | |b 北 京 语 言 文 化 大 学 出 版 社 |c 2002 | ||
| OWN | |a LNN | ||
| AVA | |a UDN50 |b LNN |d 495.18 ZH-Q |e available |t Error 5001 Not defined in file expand_doc_bib_avail. |f 2 |g 0 |h N |i 0 |k 1 | ||
| 999 | |a From the UDN01 | ||
| AVA | |a UDN50 |b LNN |d 495.18 ZH-Q |e available |t Error 5001 Not defined in file expand_doc_bib_avail. |f 2 |g 0 |h N |i 0 |k 1 | ||
| TYP | |a Monograph | ||
| TYP | |a Printed language | ||
| 980 | |a Mạng thư viện Đại học Đà Nẵng | ||